| 000 | 01138nam a22002057a 4500 | ||
|---|---|---|---|
| 999 |
_c59912 _d59912 |
||
| 003 | Ge_BSU | ||
| 005 | 20230510112936.0 | ||
| 008 | 230510s2002 ge ||||| |||| 00| 0 geo d | ||
| 020 | _a9992883081 | ||
| 041 | _ageo | ||
| 080 | _a94(479.22) ს-32 | ||
| 245 |
_aსაისტორიო შტუდიები : _bტ. 3. საქართველოს ისტორიის კათედრის სამეცნიერო შრომათა კრებული / _cთბილისის ილია ჭავჭავაძის სახელობის ენისა და კულტურის სახელმწიფო უნივერსიტეტი ; მთ. რედაქტორი ნ. ასათიანი. |
||
| 264 |
_aთბილისი : _b გამ-ბა ენა და კულტურა, _c2002. |
||
| 300 |
_a278 გვ.; _b20 სმ. |
||
| 653 | _aისტორია | ||
| 653 | _aშრომები | ||
| 653 | _aმარი ბროსე | ||
| 700 |
_aასათიანი, ნ. _eრედაქტორი _91535 |
||
| 942 |
_2udc _cBK |
||